Long-Locked Lads Quiz Stats

 Plays Quiz Updated Aug 22, 2017

     
Support Sporcle.
Go Orange.
Score 0/20 Timer 04:00
4 Plays Today
Answer % Correct
Michael Jackson
97.7%
Brad Pitt
96.6%
Johnny Depp
94.9%
John Lennon
93.9%
Bob Marley
90.2%
Ozzy Osbourne
89.3%
Steven Tyler
86%
Keanu Reeves
80.7%
Kurt Cobain
80.3%
Benjamin Franklin
76.9%
Answer % Correct
'Weird Al' Yankovic
74.5%
Russell Brand
74.4%
Andre Agassi
64.5%
David Beckham
63.2%
Axl Rose
60.8%
Chris Hemsworth
60%
Shaun White
56.4%
Colin Farrell
56.3%
Robert Plant
40.5%
Steve Perry
35.1%

From the Vault

Common Words By Any Two Letters

by Flick

These words are so common they don't even know which fork to use during the caviar course!
Remove Ads.
Support Sporcle.
Get the best of Sporcle when you Go Orange. This ad-free experience offers more features, more stats, and more fun while also helping to support Sporcle. Thank you for becoming a member.

Show Comments

Extras

Top Quizzes Today


Score Distribution

Your Account Isn't Verified!

In order to create a playlist on Sporcle, you need to verify the email address you used during registration. Go to your Sporcle Settings to finish the process.

Report this User

Report this user for behavior that violates our Community Guidelines.

Details: